000 00583cam a2200181 4500
001 WS110354
008 000000n 000 0 eng u
035 _a(Sirsi) u110354
245 _aDesign and Build
520 _aSite for this US journal including contents pages back to January 1998.
650 _aDESIGN AND BUILD
650 _aUSA
650 _aINTERNATIONAL
650 _aJOURNALS
690 _aBUILT ENVIRONMENT-BUILDING CONTRACT FORMS
856 _uhttps://designbuild.construction.com/
_zView the website free of charge at designbuild.construction.com
942 _n0
999 _c119743
_d119743